000 00716nam a2200217 a 4500
001 BRCA_2577
005 20190320203855.0
008 271108s1922----gw-a---###---#000-0#ger-u
050 4 _aNE670
_b.B66 1922
100 1 _aBock, Elfried
_d1875-1933
_97364
245 1 0 _aAdriaen van Ostade
_bdie Radierungen des Meisters in original getreven Nachbildungen, mit einer Einführung
_cvon Elfried Bock.
260 _aBerlin
_bAmsler & Ruthardt
_c1922
300 _a50 p.
_bil.
_c37 cm.
500 _aEjemplar numerado 115 de 160.
500 _aA49
600 1 4 _aOstade, Adriaen van
_d1610-1685
_97365
650 1 4 _aGrabadores holandeses
_97366
650 1 4 _aAguafuertistas holandeses
_97367
902 _aGFM
942 _2lcc
_cB
999 _c2317
_d2317